000 00550nam a22001697a 4500
005 20251108173510.0
008 250721s2005 xx 000 0 ara d
082 1 4 _a616.891/حجا
100 1 _aحجار، محمد حمدي
245 1 0 _aالعلاج النفسي الحديث للإدمان على المخدرات و المؤثرات العقلية /
264 1 _aعمان :
_bدار البشير،
_c2005.
300 _a311 ص.
650 1 7 _aالمخدرات
650 1 7 _aالعلاج النفسي
942 _2ddc
_cBK
999 _c105369
_d105369